LEADER 00811nam a2200217 i 4500 001 000000215299 003 CaOOAMICUS 005 20251126100151.0 008 120817s1812 it u000 u ita u 013 $a194171 026 $azau- nono soli gldi (3) 1812 (R) 040 $aSeMil$bita 245 10$aVol. 1. 300 $aVIII, 393, [3] p. 500 $aSegn.: [1]? 2-49? 50? 773 0 $aCaesar, Gaius Iulius $tCommentarj di C. Giulio Cesare recati in italiano da Camillo Ugoni. Vol. 1. [-2.].$dBrescia : Nicolò Bettoni, 1812.$g1$w()27243 850 $aSeMil 852 $aSeMil$W1$xVenegono$y1$m1X VI 2 FA$j165720$B165720$CSeMilBibl$Z2$F176684 $8I 961 $aOmaggio: Seminario Arcivescovile di Milano 996 $6245$aVol. 1$9(OLS)http://semarc/title/13429 LEADER 00869nam a2200229 i 4500 001 000000037349 003 CaOOAMICUS 005 20070521000000.0 008 070521s1967 it u000 u ita u 013 $a7607 040 $aSeMil$bita 100 1 $aPraga, Emilio.$0(OLS)http://semarc/name/17796 245 10$aMemorie del presbiterio :$bscene di provincia /$cEmilio Praga. 260 $aRoma :$bGherardo Casini,$c1967. 300 $a244 p. ;$c18 cm. 490 0 $aI libri del sabato ;$v65 830 2$aI libri del sabato ;$v65.$0(OLS)http://semarc/title/17673 850 $aSeMil 852 $aSeMil$W1$xVenegono$y1$m1O I 67$j3504$B3504$CSeMilBibl$Z2$F3504 $81 961 $aOmaggio: Deposito 996 $6245$aMemorie del presbiterio :$bscene di provincia$9(OLS)http://semarc/title/52232 996 $6260$aRoma :$bGherardo Casini$9(OLS)http://semarc/publisher/33968 LEADER 00730naa a2200169 i 4500 001 000000308276 003 CaOOAMICUS 005 20180831172932.0 008 180831n it u000 u ita u 013 $a17241 040 $aSeMil$bita 100 1 $aPelchat, Marc .$0(OLS)http://semarc/name/23624 245 10$aRecostruire les ecclesiologies a partir de l'existence. 650 4$aEcclesiologia.$0(OLS)http://semarc/subject/42996 650 4$aEcclesiologia e liturgia.$0(OLS)http://semarc/subject/3548 773 0 $tThéologie pratique.$dParis : Beauchesne, 1993.$kPoint théologique$z2-7010-1282-1$gp.161-173$w()105592 996 $6245$aRecostruire les ecclesiologies a partir de l'existence$9(OLS)http://semarc/title/383550